| 000 | 01404cab a22002535a 4500 | ||
|---|---|---|---|
| 001 | L151956 | ||
| 008 | 110117e20101214xxk 000 0 eng d | ||
| 035 | _a(Sirsi) u151956 | ||
| 041 | 0 | _aeng | |
| 100 | 1 | _aArcher, David | |
| 245 | 0 | 0 |
_aUpdate _binsolvency |
| 260 | _c2010 | ||
| 490 | 0 |
_aSolicitors Journal _v154(47) 14 December 2010, 23-24(2) |
|
| 520 | _a"BNY Corporate Trustee Limited v Eurosail" [2010] EWHC 2005 (Ch) offered guidance on exactly when a company is insolvent under the Insolvency Act 1986 s123(3) aka the 'balance sheet test'. "In re Frankice (Golders Green) Ltd and others" [2010] WLR (D)118 threw light on the operation of the moratorium afforded by administration. Scottish courts followed "Goldacre" (L149729) in ordering that rent was an expense of the administration of the tenant until the contractual expiry of the license. "Rubin v EuroFinance" [2010] EWCA Civ 895 held that the ordinary rules for enforcing foreign judgments in personam did not apply to bankruptcy proceedings. | ||
| 590 | _aKA | ||
| 650 | 2 | 4 | _aGOLDACRE (OFFICES) LTD V NORTEL NETWORKS UK LTD |
| 650 | 2 | 4 | _aBNY CORPORATE TRUSTEE LTD V EUROSAIL |
| 650 | 2 | 4 | _aIN RE FRANKICE (GOLDERS GREEN) LTD AND OTHERS |
| 650 | 2 | 4 | _aINSOLVENCY ACT 1986 S123(3) |
| 650 | 2 | 4 | _aINSOLVENCY ACT 1986 SCH B1 PARA 43(6) |
| 651 | 4 |
_aEngland and Wales _y1543- |
|
| 690 | _aMANAGEMENT-CORPORATE RECOVERY | ||
| 942 | _n0 | ||
| 999 |
_c82871 _d82871 |
||